Russian Federation

Gespeichert in:
Bibliographische Detailangaben
Format: Buch
Sprache:Englisch
Veröffentlicht: Paris OECD 2014
Schriftenreihe:OECD economic surveys
Schlagworte:
Tags: Tag hinzufügen
Keine Tags, Fügen Sie das erste Tag hinzu!

MARC

LEADER 00000nam a2200000 4500
001 0194410
005 20240315121214.5
020 |a 978-92-64-20759-2 
022 |a 1995-3607 
041 0 |a eng 
044 |a FR 
245 1 0 |a Russian Federation 
264 1 |a Paris  |b OECD  |c 2014 
300 |a 133 s. 
490 1 |a OECD economic surveys 
830 0 |a OECD economic surveys 
610 2 0 |a situácia hospodárska 
610 2 0 |a reformy štruktúrne 
610 2 0 |a infraštruktúra dopravná 
610 2 0 |a kvalita vzdelávania 
610 2 0 |a inovácia 
610 2 0 |a Rusko